000 00611nam a2200229Ia 4500
005 20230621102834.0
008 131103s9999 xx 000 0 und d
020 _a140298975
_cRs.295
040 _aLoreto College
041 _aEnglish
082 _a301
_bVIR
100 _aVirani,Pinki
245 _aBitter chocolate
_b child sexual abuse in India
_cPinki Virani
260 _aNew Delhi
_bPenguin Books
_c2000
300 _axli,245 p.
504 _aIncludes bibliographical references
630 _aChild Abuse
650 _aCriminology
651 _aChiminology
850 _aLCLIB
942 _cBK
999 _c11179
_d61658